000 00420nam a2200169Ia 4500
005 20250423095017.0
008 250422s9999 xx 000 0 und d
020 _a1571-5299
050 _aQC 884 .2 .D4 D47/
245 0 _aDendroclimatology : progress and prospects
260 _aNew York
260 _bSpringer
260 _c2011
300 _a365 p
650 _aHigh resolutiion Paleoclimatology
942 _cBK
999 _c28965
_d28965